Africa geography A-Z - Statistics

General Stats
  • This quiz has been taken 71 times
  • The average score is 20 of 26
Answer Stats
Questions Answer % Correct
A) This ancient Egyptian port city held theworlds largest library Alexandria
100%
C) Egyptian capital, one of the largest citiesin Africa Cairo
100%
R) Capital of Morocco Rabat
94%
E) African nation bordered by SA andMozambique, formerly Swaziland Eswatini
92%
I) English version of Cote D'Ivoire Ivory Coast
92%
L) Mountainous kingdom surrounded by South Africa Lesotho
92%
J) Biggest city in South Africa Johannesburg
91%
S) Small island nation in the Indian Ocean withmany beaches and coral reefs Seychelles
89%
T) Small west African nation bordering Benin,Ghana and Burkina Faso Togo
89%
B) Its capital is Gaborone Botswana
88%
K) Capital of the Democratic Republic ofthe Congo Kinshasa
88%
U) East African nation populated with safaris onand mountains Uganda
88%
F) Capital of Sierra Leone Freetown
86%
H) Capital of Zimbabwe Harare
81%
W) Capital of Namibia Windhoek
75%
Z) Archipelago off the coast of Tanzania Zanzibar
75%
V) Massive waterfall system on the Zambia-Zimbabwe border Victoria Falls
72%
D) Largest city in Tanzania Dar es Salaam
70%
O) Capital of Burkina Faso Ouagadougou
64%
P) Capital of Cape Verde Praia
58%
X) Clicking language of South African andZimbabwean natives Xhosa
56%
N) Capital of Mauritania Nouakchott
55%
G) Capital of Burundi Gitega
53%
M) Capital of the above country Maseru
53%
Y) Capital of the Ivory Coast Yamoussoukro
48%
Q) Ancient Egyptian city north of Luxor on the east bank of the Nile Qena
11%
No matching quizzes found
Score Distribution
Percent of People with Each Score
Percentile by Number Answered
Your Score History
You have not taken this quiz